• 首页
  • 本馆介绍
  • 公告通知
  • 最新文献
  • 馆藏检索
  • 电子资源
  • 读者导购
  • 参考咨询
  • 我的图书馆
  • 登录
  • 详细信息显示
  • 放入我的书架
  • 预约/预借图书
  • 作者相关作品
  • 分类相关作品
  • 丛书相关作品
  • 出版社相关作品

书目信息

  • 表格格式
  • 工作单格式
  • 卡片格式
题名:
近代日本侵华政策演变史
    
 
作者: 邢丽雅 , 周彦 著
分册:  
出版信息: 长春   吉林人民出版社  2005
页数: 362页
开本: 20cm
丛书名:
单 册:
中图分类: D829.313
科图分类:
主题词: 对华政策--日本--近代--史料 , 对华政策
电子资源:
ISBN: 7-206-03216-8
000 00880nam0 2200265 45
001 0120050101731
005 20070708150129.79
010    @a7-206-03216-8@dCNY36.80
092    @aCN@b471244
100    @a20051017d2005 em y0chiy0121 ea
101 0  @achi
102    @aCN@b220000
105    @ak z 000yy
200 1  @a近代日本侵华政策演变史@Ajin dai ri ben qin hua zheng ce yan bian shi@f邢丽雅,周彦著@Fxing li ya, zhou yan zhu
205    @a2版
210    @a长春@c吉林人民出版社@d2005
215    @a362页@d20cm
330    @a本书主要介绍了近代日本侵华政策的形成,以侵占朝鲜和台湾为主要目标的第一推进期,以侵吞“满蒙”为主要目标的第二推进期等。
606 0  @a对华政策@y日本@z近代@j史料
606 0  @a对华政策
690    @aD829.313@v4
701  0 @a邢丽雅@Axing li ya@4著
701  0 @a周彦@Azhou yan@4著
801  0 @aCN@bLZJBOOK@c20070708
905    @a10447@dD829.313@e112=2
    
    近代日本侵华政策演变史/邢丽雅,周彦著.-2版.-长春:吉林人民出版社,2005
    362页;20cm
    
    
    ISBN 7-206-03216-8:CNY36.80
    本书主要介绍了近代日本侵华政策的形成,以侵占朝鲜和台湾为主要目标的第一推进期,以侵吞“满蒙”为主要目标的第二推进期等。
●
相关链接 在E读中查询图书 在五车中查询图书 在当当中查询图书 在豆瓣中查询图书


正题名:近代日本侵华政策演变史     索取号:D829.313/112=2         预约/预借

序号 登录号 条形码 馆藏地/架位号 状态 备注
1 0556354   205563549   第一样本阅览室/ [索取号:D829.313/112=2] 在馆    
2 0556355   205563558   密集书库/ [索取号:D829.313/112=2] 在馆    
3 0556356   205563567   第一借阅区/ [索取号:D829.313/112=2] 在馆    
4 0556357   205563576   第一借阅区/ [索取号:D829.313/112=2] 在馆    
5 0556358   205563585   密集书库/ [索取号:D829.313/112=2] 在馆    
6 0556359   205563594   第一借阅区/ [索取号:D829.313/112=2] 在馆    
7 0556360   205563601   第一借阅区/ [索取号:D829.313/112=2] 在馆    
8 0556361   205563610   密集书库/ [索取号:D829.313/112=2] 在馆    
欢迎您!
大连网信软件有限公司© 版权所有